History Quiz

Random History or Decade Quiz

110s Missing Word Quiz Stats

 Plays Quiz not verified by Sporcle

Also try: 120s Missing Word
Challenge
Share
Tweet
Embed
Score 0/26 Timer 03:00
0 Plays Today
Clue Missing Word % Correct
Rome's population exceeds one _______Million
92.1%
On his _____ bed, Trajan adopts HadrianDeath
87.6%
Parthians greets Trajan with _____ branchesOlive
87.6%
Roman Empire has 47,000 miles of _____Roads
84.3%
____ of Trajan (Arco di Traiano) erectedArch
83.8%
Chinese Eastern ___ DynastyHan
83.1%
Gaius ______ Cassius SteirieusJulius
78.7%
The Second Dacian ___War
77.5%
John I seventh ______ of JerusalemBishop
73%
Duan __Xi
73%
______ content of denarius falls to 87%Silver
71.9%
Hadrian makes a _____ to BritainniaVisit
68.5%
____ Pasa ruler of KoreaKing
67.4%
Clue Missing Word % Correct
Roman army conquer the Persian ____Gulf
65.2%
Trajan_______ southern MesopotamiaInvades
64%
_____ the YoungerPliny
61.8%
Pantheon (meaning ______ of every God)Temple
60.7%
Salonina Matidia (_____ of Trajan)Niece
59.6%
__________ destroys AntiochEarthquake
57.3%
Ctesiphon the _______ city of ParthiaCapital
52.8%
Eboracum (____) Garrison massacred, BritanniaYork
51.7%
_______ Marcius TurboQuintus
38.2%
_____ of Trajan is constructedForum
23.6%
_____ XXII Deiotariana Legio
20.2%
Basilica _____ is dedicatedUlpia
7.9%
Saint _________ of JerusalemZacchaeus
5.6%

You're not logged in!

Compare scores with friends on all Sporcle quizzes.
OR
Log In

You Might Also Like...

Show Comments

Extras

Top Quizzes Today


Score Distribution

Your Account Isn't Verified!

In order to create a playlist on Sporcle, you need to verify the email address you used during registration. Go to your Sporcle Settings to finish the process.

Report this User

Report this user for behavior that violates our Community Guidelines.

Details: